书目信息 |
| 题名: |
异构制造大数据智能融合技术及应用
|
|
| 作者: | 姚雪梅 著 | |
| 分册: | ||
| 出版信息: | 北京 清华大学出版社 2024.11 |
|
| 页数: | 195页 | |
| 开本: | 26cm | |
| 丛书名: | ||
| 单 册: | ||
| 中图分类: | F407.4-39 | |
| 科图分类: | ||
| 主题词: | 智能技术--应用--制造工业--数据处理--研究 | |
| 电子资源: | ||
| ISBN: | 978-7-302-67526-6 | |
| 000 | 00878nam0 2200241 450 | |
| 001 | 013308490 | |
| 005 | 20251022180057.71 | |
| 010 | @a978-7-302-67526-6@dCNY58.00 | |
| 100 | @a20241219d2024 em y0chiy0120 ea | |
| 101 | 0 | @achi |
| 102 | @aCN@b110000 | |
| 105 | @aa z 000yy | |
| 106 | @ar | |
| 200 | 1 | @a异构制造大数据智能融合技术及应用@9yi gou zhi zao da shu ju zhi neng rong he ji shu ji ying yong@f姚雪梅著 |
| 210 | @a北京@c清华大学出版社@d2024.11 | |
| 215 | @a195页@c图@d26cm | |
| 300 | @a水木书荟 书圈 | |
| 330 | @a本书以制造业大数据为背景,围绕旋转设备的运行状态展开,介绍了在多源异构制造大数据的基础上利用多源数据融合的方法实现旋转设备的运行状态监测和智能诊断。 | |
| 606 | 0 | @a智能技术@x应用@x制造工业@x数据处理@x研究 |
| 690 | @aF407.4-39@v5 | |
| 701 | 0 | @a姚雪梅@9yao xue mei@4著 |
| 801 | 0 | @aCN@c20250910 |
| 905 | @a河南城建学院图书馆@dF407.4@eY372@ZY372@f1 | |
| 异构制造大数据智能融合技术及应用/姚雪梅著.-北京:清华大学出版社,2024.11 |
| 195页:图;26cm |
| 水木书荟 书圈 |
| ISBN 978-7-302-67526-6:CNY58.00 |
| 本书以制造业大数据为背景,围绕旋转设备的运行状态展开,介绍了在多源异构制造大数据的基础上利用多源数据融合的方法实现旋转设备的运行状态监测和智能诊断。 |
| ● |
| 相关链接 |
|
|
|
正题名:异构制造大数据智能融合技术及应用
索取号:F407.4/Y372
 
预约/预借
| 序号 | 登录号 | 条形码 | 馆藏地/架位号 | 状态 | 备注 |
| 1 | 1635254 | 216352541 | 社科库409/409社科库 34排2列4层/ [索取号:F407.4/Y372] | 在馆 |